|
|
|
|
| LEADER |
01171nam a22003732a 4500 |
| 001 |
001860194 |
| 003 |
CZ BrMZK |
| 005 |
20230530131739.0 |
| 007 |
ta |
| 008 |
230529s1901 xxk er|||||||||||eng d |
| 020 |
|
|
|q (Vázáno)
|
| 035 |
|
|
|a (OCoLC)633454850
|
| 040 |
|
|
|a BOA001
|b cze
|e aacr2
|
| 072 |
|
7 |
|a 316.3
|x Globální společnosti. Sociální struktura. Sociální skupiny
|2 Konspekt
|9 18
|
| 080 |
|
|
|a 005.311.6
|2 MRF
|
| 080 |
|
|
|a 159.955.5
|2 MRF
|
| 080 |
|
|
|a 316.472.4
|2 MRF
|
| 080 |
|
|
|a 177.7
|2 MRF
|
| 080 |
|
|
|a 316.3
|2 MRF
|
| 080 |
|
|
|a (0:82-4)
|2 MRF
|
| 100 |
1 |
|
|a Morley, John,
|d 1838-1923
|7 jn20010316046
|4 aut
|
| 245 |
1 |
0 |
|a On compromise /
|c by John Morley
|
| 260 |
|
|
|a London :
|b Macmillan and Co.,
|c 1901
|
| 300 |
|
|
|a xi, 284 s.
|
| 650 |
0 |
7 |
|a rozhodování
|7 ph125259
|2 czenas
|
| 650 |
0 |
7 |
|a interpersonální vztahy
|7 ph114786
|2 czenas
|
| 650 |
0 |
7 |
|a odpovědnost
|7 ph123697
|2 czenas
|
| 650 |
0 |
7 |
|a společnost
|7 ph116245
|2 czenas
|
| 655 |
|
7 |
|a eseje
|7 fd132213
|2 czenas
|
| 910 |
|
|
|a BOA001
|b 1-0216.384
|
| 990 |
|
|
|a BK
|
| 993 |
|
|
|a Y
|
| 991 |
|
|
|b 202305
|
| 996 |
6 |
|
|b BC-2414065
|c 1-0216.384
|l MZK
|r Sklad / do 1 hodiny
|n 0
|w 001927344
|u 000010
|a 1
|e BOA001
|j MZK50
|s P
|